000 02216cam a22004937a 4500
003 CHAP
005 20220329141301.0
008 971010s1971 r 00010 d
010 _a65727
011 _a66699
035 _a75419
040 _cCHAP
082 _a638.1
_bM2Y
100 0 0 _aMcGregor, S. E.
_973579
245 1 3 _aLa apicultura en los Estados Unidos
260 _aMéxico, D. F. :
_bLimusa,
_c1971
300 _a150 p
490 0 _aUSDA. Manual de Agricultura
_v; 335
590 _aBATCH-UPD
_b10
_c20130110
_lUCH01
_h2030
590 _aCONVERSION
_b10
_c20130109
_lUCH01
_h1336
650 1 4 _aApicultura.
_96241
830 0 _aUSDA. Manual de Agricultura
_v; 335
_9117067
901 _aBK
942 _cLIBRO
949 _a638.1 M2Y
_bBC
_cLIBRO
_d33724000094512
_eLIBRO
_fc.5
_h31921
_i75419
_si
949 _a638.1 M2Y
_bBC
_cLIBRO
_d33724000094520
_eLIBRO
_fc.4
_h31642
_i75419
_si
949 _a638.1 M2Y
_bBC
_cLIBRO
_d33724000094538
_eLIBRO
_fc.3
_h31641
_i75419
_si
949 _a638.1 M2Y
_bBC
_cLIBRO
_d33724000094553
_eLIBRO
_fc.13
_h40124
_i75419
_si
949 _a638.1 M2Y
_bBC
_cLIBRO
_d33724000094561
_eLIBRO
_fc.11
_h39589
_i75419
_si
949 _a638.1 M2Y
_bBC
_cLIBRO
_d33724000094579
_eLIBRO
_fc.6
_h37649
_i75419
_si
949 _a638.1 M2Y
_bBC
_cLIBRO
_d33724000094587
_eLIBRO
_fc.8
_h37651
_i75419
_si
949 _a638.1 M2Y
_bBC
_cLIBRO
_d33724000094595
_eLIBRO
_fc.10
_h37653
_i75419
_si
949 _a638.1 M2Y
_bBC
_cLIBRO
_d33724000094603
_eLIBRO
_fc.9
_h37652
_i75419
_si
949 _a638.1 M2Y
_bBC
_cLIBRO
_d33724000094611
_eLIBRO
_fc.14
_h29224
_i75419
_si
949 _a638.1 M2Y
_bBC
_cLIBRO
_d33724000607651
_eLIBRO
_h28799
_i75419
_si
949 _a638.1 M2Y
_bBC
_cLIBRO
_d33724000864625
_eLIBRO
_fc.12
_h39647
_i75419
_si
949 _a638.1 M2Y
_bBC
_cLIBRO
_d33724002061215
_eLIBRO
_fc.2
_h30560
_i75419
_si
949 _a638.1 M2Y
_bZA
_cLIBRO
_d-69244
_eLIBRO
_fc.2
_h6308
_i75419
_si
949 _a638.1 M2Y
_bZA
_cLIBRO
_d-69245
_eLIBRO
_fc.3
_h6309
_i75419
_si
949 _a638.1 M2Y
_bZA
_cLIBRO
_d-69246
_eLIBRO
_fc.4
_h6310
_i75419
_si
949 _a638.1 M2Y
_bZA
_cLIBRO
_d-69247
_eLIBRO
_fc.5
_h6311
_i75419
_si
949 _a638.1 M2Y
_bZA
_cLIBRO
_d-8361
_eLIBRO
_h5594
_i75419
_si
949 _a638.10973 M23
_bZ
_cLIBRO
_d-26720
_eLIBRO
_h369
_i75419
_si
999 _c65727
_d65727